[Event "182nd Stay Safe Play From Home series"]
[Site "T#646404Emanuel Laske"]
[Date "2020.05.28"]
[Round "4"]
[White "Trotsky"]
[Black "Broken sword"]
[Result "0-1"]
[WhiteElo "1583"]
[BlackElo "2482"]
[PlyCount "68"]
[EventDate "2020.05.28"]
[EventType "swiss (blitz)"]

1. d4 {[%emt 0:00:01]} d5 {[%emt 0:00:01]} 2. e3 {[%emt 0:00:00]} c6 {[%emt 0:00:00]} 3. c4 {[%emt 0:00:01]} Nf6 {[%emt 0:00:00]} 4. Nc3 {[%emt 0:00:01]} Bf5 {[%emt 0:00:01]} 5. Nf3 {[%emt 0:00:01]} e6 {[%emt 0:00:01]} 6. c5 {[%emt 0:00:00]} Nbd7 {[%emt 0:00:01]} 7. Bd3 {[%emt 0:00:01]} Bg4 {[%emt 0:00:01]} 8. Qc2 {[%emt 0:00:03]} Bxf3 {[%emt 0:00:05]} 9. gxf3 {[%emt 0:00:01]} e5 {[%emt 0:00:00]} 10. Bd2 {[%emt 0:00:01]} Be7 {[%emt 0:00:01]} 11. O-O-O {[%emt 0:00:02]} Qc7 {[%emt 0:00:00]} 12. h4 {[%emt 0:00:01]} b6 {[%emt 0:00:00]} 13. Kb1 {[%emt 0:00:01]} bxc5 {[%emt 0:00:01]} 14. dxe5 {[%emt 0:00:05]} Nxe5 {[%emt 0:00:01]} 15. f4 {[%emt 0:00:01]} Nxd3 {[%emt 0:00:01]} 16. Qxd3 {[%emt 0:00:00]} c4 {[%emt 0:00:00]} 17. Qc2 {[%emt 0:00:01]} Qb6 {[%emt 0:00:01]} 18. Ka1 {[%emt 0:00:03]} Rb8 {[%emt 0:00:01]} 19. Rb1 {[%emt 0:00:02]} Nd7 {[%emt 0:00:02]} 20. e4 {[%emt 0:00:01]} d4 {[%emt 0:00:01]} 21. Na4 {[%emt 0:00:03]} Qb5 {[%emt 0:00:00]} 22. e5 {[%emt 0:00:04]} Nb6 {[%emt 0:00:03]} 23. Nxb6 {[%emt 0:00:04]} axb6 {[%emt 0:00:00]} 24. f5 {[%emt 0:00:01]} Qd5 {[%emt 0:00:03]} 25. e6 {[%emt 0:00:03]} fxe6 {[%emt 0:00:01]} 26. fxe6 {[%emt 0:00:01]} b5 {[%emt 0:00:00]} 27. Bg5 {[%emt 0:00:02]} b4 {[%emt 0:00:07]} 28. Bxe7 {[%emt 0:00:01]} Kxe7 {[%emt 0:00:00]} 29. Rhg1 {[%emt 0:00:02]} g6 {[%emt 0:00:01]} 30. h5 {[%emt 0:00:01]} b3 {[%emt 0:00:05]} 31. Qe2 {[%emt 0:00:04]} Ra8 {[%emt 0:00:02]} 32. a3 {[%emt 0:00:01]} c3 {[%emt 0:00:01]} 33. bxc3 {[%emt 0:00:05]} Rxa3+ {[%emt 0:00:02]} 34. Qa2 {[%emt 0:00:04]} Rxa2# {[%emt 0:00:01] (Lag: Av=0.44s, max=0.8s)} 0-1

[Event "182nd Stay Safe Play From Home series"]
[Site "T#646404Emanuel Laske"]
[Date "2020.05.28"]
[Round "5"]
[White "Broken sword"]
[Black "Dj amir"]
[Result "1/2-1/2"]
[WhiteElo "2482"]
[BlackElo "2437"]
[PlyCount "184"]
[EventDate "2020.05.28"]
[EventType "swiss (blitz)"]

1. e4 {[%emt 0:00:01]} Nf6 {[%emt 0:00:00]} 2. e5 {[%emt 0:00:01]} Nd5 {[%emt 0:00:00]} 3. d4 {[%emt 0:00:00]} d6 {[%emt 0:00:00]} 4. Nf3 {[%emt 0:00:00]} dxe5 {[%emt 0:00:01]} 5. Nxe5 {[%emt 0:00:00]} c6 {[%emt 0:00:00]} 6. Bc4 {[%emt 0:00:01]} Bf5 {[%emt 0:00:01]} 7. O-O {[%emt 0:00:01]} Nd7 {[%emt 0:00:01]} 8. Nf3 {[%emt 0:00:01]} e6 {[%emt 0:00:00]} 9. c3 {[%emt 0:00:00]} Be7 {[%emt 0:00:00]} 10. h3 {[%emt 0:00:01]} O-O {[%emt 0:00:00]} 11. Bb3 {[%emt 0:00:00]} c5 {[%emt 0:00:01]} 12. Re1 {[%emt 0:00:00]} cxd4 {[%emt 0:00:01]} 13. Nxd4 {[%emt 0:00:00]} Bg6 {[%emt 0:00:00]} 14. Nd2 {[%emt 0:00:00]} Nc5 {[%emt 0:00:01]} 15. Bc2 {[%emt 0:00:02]} Rc8 {[%emt 0:00:01]} 16. Bxg6 {[%emt 0:00:01]} hxg6 {[%emt 0:00:00]} 17. N2f3 {[%emt 0:00:00]} Bf6 {[%emt 0:00:01]} 18. Ne5 {[%emt 0:00:02]} Nd7 {[%emt 0:00:02]} 19. Nef3 {[%emt 0:00:01]} Re8 {[%emt 0:00:01]} 20. Be3 {[%emt 0:00:01]} Nxe3 {[%emt 0:00:01]} 21. Rxe3 {[%emt 0:00:00]} Nc5 {[%emt 0:00:01]} 22. Re1 {[%emt 0:00:01]} Qb6 {[%emt 0:00:01]} 23. Qe2 {[%emt 0:00:01]} Rcd8 {[%emt 0:00:01]} 24. Rad1 {[%emt 0:00:01]} a6 {[%emt 0:00:01]} 25. Qc2 {[%emt 0:00:01]} Qc7 {[%emt 0:00:02]} 26. Nb3 {[%emt 0:00:01]} Na4 {[%emt 0:00:01]} 27. Nbd4 {[%emt 0:00:01]} b5 {[%emt 0:00:00]} 28. Qe2 {[%emt 0:00:02]} Rd5 {[%emt 0:00:02]} 29. Nb3 {[%emt 0:00:01]} Red8 {[%emt 0:00:01]} 30. Rxd5 {[%emt 0:00:00]} Rxd5 {[%emt 0:00:00]} 31. Nc1 {[%emt 0:00:02]} Qd7 {[%emt 0:00:01]} 32. Nb3 {[%emt 0:00:00]} g5 {[%emt 0:00:01]} 33. Qe3 {[%emt 0:00:02]} Rd3 {[%emt 0:00:01]} 34. Qe2 {[%emt 0:00:01]} g6 {[%emt 0:00:01]} 35. Nh2 {[%emt 0:00:02]} Bg7 {[%emt 0:00:01]} 36. Nf1 {[%emt 0:00:00]} Rd5 {[%emt 0:00:03]} 37. Ne3 {[%emt 0:00:01]} Re5 {[%emt 0:00:01]} 38. Qc2 {[%emt 0:00:00]} f5 {[%emt 0:00:01]} 39. Rd1 {[%emt 0:00:02]} Qc7 {[%emt 0:00:00]} 40. Nc1 {[%emt 0:00:05]} Rc5 {[%emt 0:00:01]} 41. Nd3 {[%emt 0:00:01]} Rc6 {[%emt 0:00:01]} 42. Nb4 {[%emt 0:00:00]} Rd6 {[%emt 0:00:00]} 43. Rd2 {[%emt 0:00:03]} Bf8 {[%emt 0:00:03]} 44. Nd3 {[%emt 0:00:04]} Be7 {[%emt 0:00:01]} 45. Ne1 {[%emt 0:00:01]} Kf7 {[%emt 0:00:02]} 46. Nf3 {[%emt 0:00:00]} Bf6 {[%emt 0:00:01]} 47. Qd1 {[%emt 0:00:03]} Ke7 {[%emt 0:00:02]} 48. Qc2 {[%emt 0:00:01]} Nb6 {[%emt 0:00:01]} 49. Rxd6 {[%emt 0:00:01]} Qxd6 {[%emt 0:00:00]} 50. Qd2 {[%emt 0:00:00]} Qxd2 {[%emt 0:00:01]} 51. Nxd2 {[%emt 0:00:00]} Na4 {[%emt 0:00:00]} 52. Nd1 {[%emt 0:00:01]} Kd6 {[%emt 0:00:01]} 53. Kf1 {[%emt 0:00:01]} Kd5 {[%emt 0:00:00]} 54. Ke2 {[%emt 0:00:00]} e5 {[%emt 0:00:00]} 55. Kd3 {[%emt 0:00:00]} e4+ {[%emt 0:00:00]} 56. Kc2 {[%emt 0:00:00]} g4 {[%emt 0:00:00]} 57. f3 {[%emt 0:00:00]} gxf3 {[%emt 0:00:01]} 58. gxf3 {[%emt 0:00:00]} Bg5 {[%emt 0:00:00]} 59. fxe4+ {[%emt 0:00:01]} fxe4 {[%emt 0:00:00]} 60. Nf1 {[%emt 0:00:01]} Ke5 {[%emt 0:00:02]} 61. Nde3 {[%emt 0:00:00]} Bf4 {[%emt 0:00:00]} 62. Kd2 {[%emt 0:00:00]} Ke6 {[%emt 0:00:00]} 63. b3 {[%emt 0:00:01]} Nc5 {[%emt 0:00:00]} 64. Ke2 {[%emt 0:00:00]} Nd3 {[%emt 0:00:00]} 65. Ng2 {[%emt 0:00:00]} Ne5 {[%emt 0:00:00]} 66. Nxf4+ {[%emt 0:00:01]} Kf5 {[%emt 0:00:00]} 67. Nxg6 {[%emt 0:00:00]} Nf3 {[%emt 0:00:00]} 68. Ke3 {[%emt 0:00:00]} Kxg6 {[%emt 0:00:01]} 69. Ng3 {[%emt 0:00:00]} Ng5 {[%emt 0:00:01]} 70. Nxe4 {[%emt 0:00:00]} Nxh3 {[%emt 0:00:00]} 71. Kd4 {[%emt 0:00:00]} Ng5 {[%emt 0:00:00]} 72. Kc5 {[%emt 0:00:00]} Ne6+ {[%emt 0:00:00]} 73. Kd6 {[%emt 0:00:01]} Kf5 {[%emt 0:00:00]} 74. Nc5 {[%emt 0:00:00]} b4 {[%emt 0:00:00]} 75. Nxe6 {[%emt 0:00:00]} bxc3 {[%emt 0:00:00]} 76. Nd4+ {[%emt 0:00:00]} Ke4 {[%emt 0:00:00]} 77. Nc2 {[%emt 0:00:00]} Kd3 {[%emt 0:00:00]} 78. Kc5 {[%emt 0:00:00]} Kxc2 {[%emt 0:00:00]} 79. Kb4 {[%emt 0:00:00]} Kb2 {[%emt 0:00:00]} 80. a4 {[%emt 0:00:00]} c2 {[%emt 0:00:00]} 81. Ka5 {[%emt 0:00:00]} c1=Q {[%emt 0:00:00]} 82. b4 {[%emt 0:00:00]} Qc3 {[%emt 0:00:00]} 83. Kxa6 {[%emt 0:00:01]} Kb3 {[%emt 0:00:00]} 84. a5 {[%emt 0:00:00]} Qxb4 {[%emt 0:00:00]} 85. Ka7 {[%emt 0:00:00]} Ka4 {[%emt 0:00:00]} 86. a6 {[%emt 0:00:00]} Ka5 {[%emt 0:00:00]} 87. Ka8 {[%emt 0:00:00]} Qb5 {[%emt 0:00:01]} 88. a7 {[%emt 0:00:00]} Qc6+ {[%emt 0:00:00]} 89. Kb8 {[%emt 0:00:00]} Qc5 {[%emt 0:00:00]} 90. a8=Q+ {[%emt 0:00:00]} Kb4 {[%emt 0:00:00]} 91. Qb7+ {[%emt 0:00:00]} Qb5 {[%emt 0:00:00]} 92. Qxb5+ {[%emt 0:00:01]} Kxb5 {[%emt 0:00:00] (Lag: Av=0.35s, max=0.9s)} 1/2-1/2

[Event "182nd Stay Safe Play From Home series"]
[Site "T#646404Emanuel Laske"]
[Date "2020.05.28"]
[Round "5"]
[White "little champs"]
[Black "Trotsky"]
[Result "1-0"]
[WhiteElo "2140"]
[BlackElo "1583"]
[PlyCount "61"]
[EventDate "2020.05.28"]
[EventType "swiss (blitz)"]

1. e4 {[%emt 0:00:01]} c5 {[%emt 0:00:01]} 2. Nc3 {[%emt 0:00:00]} Nc6 {[%emt 0:00:01]} 3. Nf3 {[%emt 0:00:00]} e6 {[%emt 0:00:00]} 4. d3 {[%emt 0:00:01]} d5 {[%emt 0:00:01]} 5. Be2 {[%emt 0:00:01]} Nf6 {[%emt 0:00:01]} 6. exd5 {[%emt 0:00:01]} exd5 {[%emt 0:00:01]} 7. O-O {[%emt 0:00:00]} Be6 {[%emt 0:00:01]} 8. Bg5 {[%emt 0:00:01]} Bd6 {[%emt 0:00:01]} 9. d4 {[%emt 0:00:01]} c4 {[%emt 0:00:01]} 10. Re1 {[%emt 0:00:02]} a6 {[%emt 0:00:01]} 11. h3 {[%emt 0:00:01]} Qc7 {[%emt 0:00:01]} 12. Bf1 {[%emt 0:00:01]} O-O-O {[%emt 0:00:01]} 13. a4 {[%emt 0:00:01]} h5 {[%emt 0:00:01]} 14. a5 {[%emt 0:00:02]} Ng4 {[%emt 0:00:01]} 15. b3 {[%emt 0:00:01]} Rde8 {[%emt 0:00:04]} 16. bxc4 {[%emt 0:00:01]} f6 {[%emt 0:00:01]} 17. cxd5 {[%emt 0:00:01]} Bh2+ {[%emt 0:00:01]} 18. Kh1 {[%emt 0:00:01]} Nxd4 {[%emt 0:00:02]} 19. Qxd4 {[%emt 0:00:02]} Bf7 {[%emt 0:00:08]} 20. d6 {[%emt 0:00:03]} Qc6 {[%emt 0:00:09]} 21. Nxh2 {[%emt 0:00:02]} fxg5 {[%emt 0:00:06]} 22. Nxg4 {[%emt 0:00:02]} hxg4 {[%emt 0:00:01]} 23. Rxe8+ {[%emt 0:00:01]} Bxe8 {[%emt 0:00:03]} 24. Qxg4+ {[%emt 0:00:01]} Bd7 {[%emt 0:00:01]} 25. Qg3 {[%emt 0:00:08]} g4 {[%emt 0:00:02]} 26. h4 {[%emt 0:00:01]} g5 {[%emt 0:00:01]} 27. h5 {[%emt 0:00:03]} Rxh5+ {[%emt 0:00:02]} 28. Kg1 {[%emt 0:00:00]} Qc5 {[%emt 0:00:03]} 29. Re1 {[%emt 0:00:02]} Kb8 {[%emt 0:00:02]} 30. Ne4 {[%emt 0:00:01]} Qc6 {[%emt 0:00:02]} 31. Nf6 {[%emt 0:00:01] Âðåìÿ ' (Lag: Av=0.59s, max=1.4s)} 1-0

[Event "182nd Stay Safe Play From Home series"]
[Site "T#646404Emanuel Laske"]
[Date "2020.05.28"]
[Round "5"]
[White "SoulofWolf"]
[Black "Don59as"]
[Result "1-0"]
[WhiteElo "2106"]
[BlackElo "1984"]
[Annotator "NA"]
[PlyCount "139"]
[EventDate "2020.05.28"]
[EventType "swiss (blitz)"]

1. Nf3 {[%emt 0:00:01]} d5 {[%emt 0:00:01]} 2. e4 {[%emt 0:00:01]} e6 {[%emt 0:00:00]} 3. exd5 {[%emt 0:00:01]} exd5 {[%emt 0:00:00]} 4. d3 {[%emt 0:00:01]} Nf6 {[%emt 0:00:00]} 5. Be2 {[%emt 0:00:01]} Be7 {[%emt 0:00:00]} 6. O-O {[%emt 0:00:00]} O-O {[%emt 0:00:00]} 7. Nbd2 {[%emt 0:00:00]} c6 {[%emt 0:00:01]} 8. Re1 {[%emt 0:00:00]} Bg4 {[%emt 0:00:01]} 9. Nf1 {[%emt 0:00:00]} Qd7 {[%emt 0:00:01]} 10. Ng3 {[%emt 0:00:01]} h6 {[%emt 0:00:00]} 11. Bf4 {[%emt 0:00:01]} Na6 {[%emt 0:00:01]} 12. Qd2 {[%emt 0:00:01]} Nc5 {[%emt 0:00:01]} 13. b4 {[%emt 0:00:01]} Ne6 {[%emt 0:00:01]} 14. Be3 {[%emt 0:00:00]} d4 {[%emt 0:00:01]} 15. Nxd4 {[%emt 0:00:02]} Nxd4 {[%emt 0:00:01]} 16. Bxg4 {[%emt 0:00:01]} Nxg4 {[%emt 0:00:01]} 17. Bf4 {[%emt 0:00:01]} Bf6 {[%emt 0:00:01]} 18. c3 {[%emt 0:00:01]} Ne6 {[%emt 0:00:03]} 19. Ne4 {[%emt 0:00:03]} Nxf4 {[%emt 0:00:03]} 20. Qxf4 {[%emt 0:00:01]} Rfe8 {[%emt 0:00:02]} 21. h3 {[%emt 0:00:01]} Ne5 {[%emt 0:00:07]} 22. d4 {[%emt 0:00:04]} Ng6 {[%emt 0:00:01]} 23. Qxf6 {[%emt 0:00:01]} gxf6 {[%emt 0:00:00]} 24. Nxf6+ {[%emt 0:00:01]} Kg7 {[%emt 0:00:00]} 25. Nxd7 {[%emt 0:00:00]} Rxe1+ {[%emt 0:00:02]} 26. Rxe1 {[%emt 0:00:00]} Rd8 {[%emt 0:00:02]} 27. Nc5 {[%emt 0:00:01]} b6 {[%emt 0:00:01]} 28. Nd3 {[%emt 0:00:00]} c5 {[%emt 0:00:02]} 29. bxc5 {[%emt 0:00:00]} bxc5 {[%emt 0:00:01]} 30. Nxc5 {[%emt 0:00:00]} Rc8 {[%emt 0:00:01]} 31. Rb1 {[%emt 0:00:01]} Nf4 {[%emt 0:00:01]} 32. Kf1 {[%emt 0:00:01]} Nd5 {[%emt 0:00:02]} 33. Rb3 {[%emt 0:00:01]} Nb6 {[%emt 0:00:01]} 34. g3 {[%emt 0:00:01]} Re8 {[%emt 0:00:01]} 35. Kg2 {[%emt 0:00:01]} Nc4 {[%emt 0:00:00]} 36. Rb7 {[%emt 0:00:03]} Re2 {[%emt 0:00:01]} 37. Rxa7 {[%emt 0:00:01]} Rc2 {[%emt 0:00:01]} 38. Ne6+ {[%emt 0:00:02]} Kf6 {[%emt 0:00:01]} 39. Nf4 {[%emt 0:00:00]} Ne3+ {[%emt 0:00:01]} 40. Kf3 {[%emt 0:00:01]} Nf5 {[%emt 0:00:01]} 41. g4 {[%emt 0:00:01]} Rxc3+ {[%emt 0:00:01]} 42. Kg2 {[%emt 0:00:00]} Nxd4 {[%emt 0:00:01]} 43. Nd5+ {[%emt 0:00:01]} Ke5 {[%emt 0:00:00]} 44. Nxc3 {[%emt 0:00:00]} Nc2 {[%emt 0:00:01]} 45. Rxf7 {[%emt 0:00:02]} Kd4 {[%emt 0:00:01]} 46. Ne2+ {[%emt 0:00:01]} Kd3 {[%emt 0:00:01]} 47. Nf4+ {[%emt 0:00:01]} Ke4 {[%emt 0:00:01]} 48. Nh5 {[%emt 0:00:02]} Ne1+ {[%emt 0:00:00]} 49. Kf1 {[%emt 0:00:01]} Nf3 {[%emt 0:00:01]} 50. a4 {[%emt 0:00:01]} Nd2+ {[%emt 0:00:00]} 51. Kg2 {[%emt 0:00:01]} Nb3 {[%emt 0:00:00]} 52. Rb7 {[%emt 0:00:01]} Kd5 {[%emt 0:00:00]} 53. Rxb3 {[%emt 0:00:01]} Kc6 {[%emt 0:00:00]} 54. Rb1 {[%emt 0:00:00]} Kc5 {[%emt 0:00:00]} 55. a5 {[%emt 0:00:00]} Kc4 {[%emt 0:00:00]} 56. a6 {[%emt 0:00:00]} Kc3 {[%emt 0:00:00]} 57. Ng3 {[%emt 0:00:01]} Kc2 {[%emt 0:00:00]} 58. a7 {[%emt 0:00:00]} Kxb1 {[%emt 0:00:01]} 59. a8=Q {[%emt 0:00:00]} Kc2 {[%emt 0:00:00]} 60. Qd5 {[%emt 0:00:00]} Kc3 {[%emt 0:00:00]} 61. Qh5 {[%emt 0:00:00]} Kb4 {[%emt 0:00:00]} 62. Qxh6 {[%emt 0:00:00]} Kc4 {[%emt 0:00:00]} 63. g5 {[%emt 0:00:00]} Kd4 {[%emt 0:00:00]} 64. g6 {[%emt 0:00:00]} Ke5 {[%emt 0:00:00]} 65. g7 {[%emt 0:00:00]} Kd4 {[%emt 0:00:02]} 66. g8=Q {[%emt 0:00:00]} Ke5 {[%emt 0:00:00]} 67. Qhf8 {[%emt 0:00:00]} Kd4 {[%emt 0:00:03]} 68. Qa8 {[%emt 0:00:00]} Kc3 {[%emt 0:00:00]} 69. Qgb8 {[%emt 0:00:01]} Kd4 {[%emt 0:00:01]} 70. Qa4+ {[%emt 0:00:01] Time (Lag: Av=0.55s, max=1.2s)} 1-0

[Event "182nd Stay Safe Play From Home series"]
[Site "T#646404Emanuel Laske"]
[Date "2020.05.28"]
[Round "5"]
[White "Weltszmerc"]
[Black "Lazieri3"]
[Result "1-0"]
[WhiteElo "2015"]
[BlackElo "2010"]
[Annotator "NA"]
[PlyCount "111"]
[EventDate "2020.05.28"]
[EventType "swiss (blitz)"]

1. d4 {[%emt 0:00:00]} c6 {[%emt 0:00:00]} 2. c4 {[%emt 0:00:00]} d5 {[%emt 0:00:00]} 3. Nf3 {[%emt 0:00:00]} Nf6 {[%emt 0:00:01]} 4. g3 {[%emt 0:00:00]} Bf5 {[%emt 0:00:01]} 5. Qb3 {[%emt 0:00:02]} b6 {[%emt 0:00:01]} 6. Bg2 {[%emt 0:00:02]} dxc4 {[%emt 0:00:03]} 7. Qxc4 {[%emt 0:00:01]} e6 {[%emt 0:00:00]} 8. Nc3 {[%emt 0:00:01]} Nd5 {[%emt 0:00:02]} 9. Ne5 {[%emt 0:00:01]} Be7 {[%emt 0:00:03]} 10. Nxc6 {[%emt 0:00:03]} Nxc6 {[%emt 0:00:04]} 11. Qxc6+ {[%emt 0:00:02]} Kf8 {[%emt 0:00:01]} 12. Nxd5 {[%emt 0:00:01]} exd5 {[%emt 0:00:01]} 13. Qxd5 {[%emt 0:00:01]} Bb4+ {[%emt 0:00:04]} 14. Bd2 {[%emt 0:00:03]} Bxd2+ {[%emt 0:00:01]} 15. Kxd2 {[%emt 0:00:00]} Qxd5 {[%emt 0:00:03]} 16. Bxd5 {[%emt 0:00:00]} Rd8 {[%emt 0:00:01]} 17. e4 {[%emt 0:00:00]} Be6 {[%emt 0:00:02]} 18. Bxe6 {[%emt 0:00:01]} fxe6 {[%emt 0:00:00]} 19. Ke3 {[%emt 0:00:01]} Rc8 {[%emt 0:00:02]} 20. Rac1 {[%emt 0:00:01]} Ke7 {[%emt 0:00:00]} 21. Rc3 {[%emt 0:00:01]} Rxc3+ {[%emt 0:00:02]} 22. bxc3 {[%emt 0:00:00]} Rc8 {[%emt 0:00:01]} 23. Rc1 {[%emt 0:00:00]} Kd6 {[%emt 0:00:01]} 24. f4 {[%emt 0:00:01]} Rc4 {[%emt 0:00:01]} 25. Kd3 {[%emt 0:00:02]} Ra4 {[%emt 0:00:01]} 26. Rc2 {[%emt 0:00:01]} b5 {[%emt 0:00:01]} 27. g4 {[%emt 0:00:05]} a6 {[%emt 0:00:02]} 28. h4 {[%emt 0:00:01]} Ra3 {[%emt 0:00:01]} 29. g5 {[%emt 0:00:02]} g6 {[%emt 0:00:01]} 30. Kd2 {[%emt 0:00:02]} Kd7 {[%emt 0:00:01]} 31. Rb2 {[%emt 0:00:01]} Kc6 {[%emt 0:00:02]} 32. Kc2 {[%emt 0:00:01]} Kd6 {[%emt 0:00:03]} 33. Kd3 {[%emt 0:00:01]} Kc6 {[%emt 0:00:01]} 34. Rc2 {[%emt 0:00:01]} Kd6 {[%emt 0:00:01]} 35. Rh2 {[%emt 0:00:01]} Kc6 {[%emt 0:00:02]} 36. h5 {[%emt 0:00:01]} Kd6 {[%emt 0:00:01]} 37. hxg6 {[%emt 0:00:01]} hxg6 {[%emt 0:00:00]} 38. Rc2 {[%emt 0:00:01]} Kc6 {[%emt 0:00:01]} 39. Kd2 {[%emt 0:00:00]} Kd7 {[%emt 0:00:01]} 40. c4 {[%emt 0:00:01]} bxc4 {[%emt 0:00:01]} 41. Kc1 {[%emt 0:00:01]} Rf3 {[%emt 0:00:02]} 42. Rxc4 {[%emt 0:00:02]} Rxf4 {[%emt 0:00:01]} 43. e5 {[%emt 0:00:01]} Rf5 {[%emt 0:00:01]} 44. Ra4 {[%emt 0:00:01]} Rxg5 {[%emt 0:00:00]} 45. Rxa6 {[%emt 0:00:01]} Rg2 {[%emt 0:00:00]} 46. Rd6+ {[%emt 0:00:01]} Ke7 {[%emt 0:00:01]} 47. a4 {[%emt 0:00:00]} Ra2 {[%emt 0:00:01]} 48. Ra6 {[%emt 0:00:02]} g5 {[%emt 0:00:00]} 49. Ra7+ {[%emt 0:00:00]} Kf8 {[%emt 0:00:01]} 50. Kb1 {[%emt 0:00:00]} g4 {[%emt 0:00:00]} 51. Kxa2 {[%emt 0:00:01]} g3 {[%emt 0:00:00]} 52. Rh7 {[%emt 0:00:00]} g2 {[%emt 0:00:00]} 53. Rh8+ {[%emt 0:00:00]} Kf7 {[%emt 0:00:01]} 54. Rh7+ {[%emt 0:00:01]} Kf8 {[%emt 0:00:00]} 55. Rh6 {[%emt 0:00:00]} Kf7 {[%emt 0:00:00]} 56. Rf6+ {[%emt 0:00:00] ' (Lag: Av=0.81s, max=1.1s)} 1-0

[Event "182nd Stay Safe Play From Home series"]
[Site "T#646404Emanuel Laske"]
[Date "2020.05.28"]
[Round "5"]
[White "Castlingarrocco"]
[Black "Rogan"]
[Result "0-1"]
[WhiteElo "1971"]
[BlackElo "2205"]
[PlyCount "44"]
[EventDate "2020.05.28"]
[EventType "swiss (blitz)"]

1. d4 {[%emt 0:00:01]} d5 {[%emt 0:00:09]} 2. e3 {[%emt 0:00:00]} c6 {[%emt 0:00:00]} 3. Nf3 {[%emt 0:00:01]} Nf6 {[%emt 0:00:00]} 4. b3 {[%emt 0:00:01]} Bg4 {[%emt 0:00:00]} 5. Bb2 {[%emt 0:00:00]} Nbd7 {[%emt 0:00:00]} 6. Be2 {[%emt 0:00:00]} Bxf3 {[%emt 0:00:00]} 7. Bxf3 {[%emt 0:00:01]} e6 {[%emt 0:00:00]} 8. Be2 {[%emt 0:00:00]} Bd6 {[%emt 0:00:01]} 9. Nd2 {[%emt 0:00:00]} Qc7 {[%emt 0:00:00]} 10. Nf3 {[%emt 0:00:00]} O-O {[%emt 0:00:01]} 11. g3 {[%emt 0:00:00]} Ne4 {[%emt 0:00:01]} 12. O-O {[%emt 0:00:01]} h6 {[%emt 0:00:01]} 13. c4 {[%emt 0:00:01]} f5 {[%emt 0:00:00]} 14. cxd5 {[%emt 0:00:00]} exd5 {[%emt 0:00:00]} 15. Rc1 {[%emt 0:00:01]} a5 {[%emt 0:00:01]} 16. Ne5 {[%emt 0:00:01]} Nxe5 {[%emt 0:00:01]} 17. dxe5 {[%emt 0:00:00]} Bxe5 {[%emt 0:00:00]} 18. Bd4 {[%emt 0:00:01]} a4 {[%emt 0:00:02]} 19. b4 {[%emt 0:00:01]} Bxd4 {[%emt 0:00:04]} 20. Qxd4 {[%emt 0:00:01]} Rae8 {[%emt 0:00:03]} 21. a3 {[%emt 0:00:00]} Qe5 {[%emt 0:00:02]} 22. Qd2 {[%emt 0:00:01]} Nxd2 {[%emt 0:00:01] Castlingarrocco abbandona (Lag: Av=0.29s, max=0.6s)} 0-1

[Event "182nd Stay Safe Play From Home series"]
[Site "T#646404Emanuel Laske"]
[Date "2020.05.28"]
[Round "5"]
[White "Greblah"]
[Black "Lamborghini"]
[Result "0-1"]
[WhiteElo "1963"]
[BlackElo "2208"]
[PlyCount "94"]
[EventDate "2020.05.28"]
[EventType "swiss (blitz)"]

1. e4 {[%emt 0:00:01]} c5 {[%emt 0:00:01]} 2. Nc3 {[%emt 0:00:01]} d6 {[%emt 0:00:01]} 3. g3 {[%emt 0:00:00]} Nc6 {[%emt 0:00:01]} 4. Bg2 {[%emt 0:00:00]} Bd7 {[%emt 0:00:00]} 5. d3 {[%emt 0:00:00]} Qc8 {[%emt 0:00:00]} 6. Be3 {[%emt 0:00:01]} Rb8 {[%emt 0:00:01]} 7. Qd2 {[%emt 0:00:01]} b5 {[%emt 0:00:01]} 8. Nce2 {[%emt 0:00:00]} g6 {[%emt 0:00:01]} 9. c3 {[%emt 0:00:01]} Bg7 {[%emt 0:00:01]} 10. Nf3 {[%emt 0:00:01]} b4 {[%emt 0:00:01]} 11. O-O {[%emt 0:00:01]} Bh3 {[%emt 0:00:01]} 12. Nf4 {[%emt 0:00:02]} Bxg2 {[%emt 0:00:01]} 13. Nxg2 {[%emt 0:00:00]} Nf6 {[%emt 0:00:01]} 14. Ng5 {[%emt 0:00:02]} O-O {[%emt 0:00:01]} 15. d4 {[%emt 0:00:02]} bxc3 {[%emt 0:00:01]} 16. bxc3 {[%emt 0:00:01]} cxd4 {[%emt 0:00:01]} 17. cxd4 {[%emt 0:00:01]} d5 {[%emt 0:00:01]} 18. e5 {[%emt 0:00:01]} Ne4 {[%emt 0:00:01]} 19. Nxe4 {[%emt 0:00:01]} dxe4 {[%emt 0:00:00]} 20. Rac1 {[%emt 0:00:01]} Qd7 {[%emt 0:00:01]} 21. Qc3 {[%emt 0:00:01]} Rfc8 {[%emt 0:00:01]} 22. Rfd1 {[%emt 0:00:02]} Nb4 {[%emt 0:00:01]} 23. Qa3 {[%emt 0:00:02]} Nd5 {[%emt 0:00:01]} 24. Nf4 {[%emt 0:00:02]} Nxf4 {[%emt 0:00:02]} 25. gxf4 {[%emt 0:00:01]} Qg4+ {[%emt 0:00:03]} 26. Kf1 {[%emt 0:00:02]} Qh3+ {[%emt 0:00:02]} 27. Ke2 {[%emt 0:00:01]} Qf3+ {[%emt 0:00:01]} 28. Ke1 {[%emt 0:00:01]} e6 {[%emt 0:00:01]} 29. Rxc8+ {[%emt 0:00:02]} Rxc8 {[%emt 0:00:01]} 30. Qb3 {[%emt 0:00:02]} Bf8 {[%emt 0:00:01]} 31. a3 {[%emt 0:00:02]} h5 {[%emt 0:00:02]} 32. Rc1 {[%emt 0:00:01]} Rxc1+ {[%emt 0:00:02]} 33. Bxc1 {[%emt 0:00:02]} Qxb3 {[%emt 0:00:00]} 34. Bd2 {[%emt 0:00:02]} Qd3 {[%emt 0:00:01]} 35. Kd1 {[%emt 0:00:01]} Qxd4 {[%emt 0:00:01]} 36. Kc2 {[%emt 0:00:01]} Qd3+ {[%emt 0:00:00]} 37. Kb2 {[%emt 0:00:02]} Bc5 {[%emt 0:00:00]} 38. Bc3 {[%emt 0:00:01]} Bxa3+ {[%emt 0:00:01]} 39. Kb3 {[%emt 0:00:01]} Bc5 {[%emt 0:00:02]} 40. h4 {[%emt 0:00:02]} Bd4 {[%emt 0:00:01]} 41. f5 {[%emt 0:00:00]} Qxc3+ {[%emt 0:00:01]} 42. Ka4 {[%emt 0:00:00]} gxf5 {[%emt 0:00:01]} 43. Kb5 {[%emt 0:00:00]} Qc5+ {[%emt 0:00:01]} 44. Ka4 {[%emt 0:00:01]} Qb6 {[%emt 0:00:01]} 45. f4 {[%emt 0:00:00]} Qb1 {[%emt 0:00:03]} 46. Ka3 {[%emt 0:00:01]} Qb5 {[%emt 0:00:02]} 47. Ka2 {[%emt 0:00:01]} Qb2# {[%emt 0:00:01] (Lag: Av=0.25s, max=0.4s)} 0-1